Statistics for European Literature - Guess the Country

Click here to take the quiz!

General Stats

  • This quiz has been taken 537 times
    (525 since last reset)
  • The average score is 20 of 45

Answer Stats

AuthorHintCountry% Correct
Fyodor DostoevskyThe Brothers KaramazovRussia
94%
Charles DickensVictorianUnited Kingdom
94%
Hans Christian AndersenThe Little MermaidDenmark
93%
James JoyceDublinersIreland
91%
Antoine de Saint-ExupéryThe Little Prince, Air ForceFrance
89%
Camilo José CelaThe HiveSpain
87%
Stieg LarssonMillennium TrilogySweden
85%
Umberto EcoThe Name of the RoseItaly
82%
Taras ShevchenkoKobzarUkraine
80%
Fernando PessoaHeteronyms, MensagemPortugal
79%
Franz KafkaThe TrialCzech Republic
77%
Sigrid UndsetKristin Lavransdatter, Nobel 1928Norway
70%
AesopThe Fox and the HedgehogGreece
64%
HergéCartoon HeroBelgium
61%
Arto PaasilinnaThe Year of the HareFinland
61%
Henryk SienkiewiczQuo VadisPoland
60%
Grimm brothersHansel and GretelGermany
53%
Attila JózsefThe proletarian poetHungary
52%
Albert SalvadóCatalanAndorra
50%
Jaan KaplinskiTartuEstonia
39%
Halldór LaxnessSjálfstætt fólkIceland
37%
Sreten AsanovićTitogradMontenegro
37%
Svetlana AlexievichNobel 2015Belarus
36%
Jean-Jacques RousseauThe Social ContractSwitzerland
36%
Ag ApolloniUniversity of PristinaKosovo
35%
Antanas ŠkėmaWhite Shroud (Balta drobulė)Lithuania
31%
Danilo KišHourglassSerbia
29%
Ivo AndricNobel 1961 , Order of the Hero of Socialist LabourBosnia and Herzegovina
28%
Dick BrunaMiffyNetherlands
27%
Alexei MateeviciBessarabiaMoldova
26%
Jozef Gregor-TajovskýBanská BystricaSlovakia
20%
Miroslav KrležaThe Ballads of Petrica KerempuhCroatia
19%
Armin ÖhriDie dunkle MuseLiechtenstein
19%
Slavko JanevskiSeloto zad sedumte jaseni, first novel in this languageNorth Macedonia
19%
Milena ErcolaniSammarina Cultural AssociationSan Marino
19%
Joseph Aloisius RatzingerEmeritusVatican City
19%
Ismail KadareThe General of the Dead Army, novel where an Italian general returns to this country after WWII to collect the remains of Italian soldiersAlbania
15%
RainisMajoriLatvia
15%
Elfriede JelinekNobel 2004Austria
13%
Louis NotariMunegascuMonaco
13%
Ivan CankarPohujšanje v dolini ŠentflorijanskiSlovenia
13%
Ivan VazovUnder the YokeBulgaria
12%
Michel RodangeRenertLuxembourg
10%
Herta MüllerThe Hunger Angel, Nobel 2009Romania
9%
Trevor ŻahraBorn in Żejtun, crown colony of ...Malta
8%

Score Distribution

Percentile by Number Answered

Percent of People with Each Score

Your Score History

You have not taken this quiz since the last reset